000
00307nam a22001217a 4500
008
160520b xxu||||| |||| 00| 0 eng d
020
_a
9780324416121
020
_a
0324416121
041
_a
eng
080
_a
316.77
245
_a
Communications I and II;
_c
Carol M. Lehman;Debbie D. DuFrene;
942
_2
udc
_c
BK
999
_c
2299
_d
2299